00815nam a2200253 a 450000100060000000300080000600500170001400800410003102000160007203500190008804000320010704100080013908200250014710000270017224500630019926000440026230000250030650000210033165000340035265000250038694200120041199900170042395201210044062205BD-RjUL20211209081044.0170123s1988 nyu 001 0 eng  a0471627593  a(BD-RjUL)62330 aDLCcDLCdDLCdBD-RjULbeng aeng00223a658.46bHOC 19881 aHoltz, Herman.918501714aThe consultant's guide to winning clients /cHerman Holtz. aNew York :b John Wiley & Sons,cc1988. aix, 262 p. ;c24 cm. aIncludes index. 0aBusiness consultants.9185018 0aConsultants.9185019 2ddccBK c62205d62205 00102ddc40718NFICaRUCLbRUCLcReadingd1991-06-02l0o658.46 HOC 1988r2017-01-23 00:00:00tC-1w2017-01-23yBK